000 00400 a2200145 4500
999 _c4739
_d4739
020 _a075064636
050 _aQA 75.5 MCB 1999
100 _aMcBride, P.
_eauthor
245 _aThe internet for windows 98 made simple/
_cPeter McBride
264 _aOxford :
_bMade Simple Books
_c1999
300 _aix, 149p.
_bill.
500 _aIncludes index
650 _aInternet.
942 _2lcc
_cBK
_h75.5
_iMCB
_k1999